LIBRARY & INFORMATION CENTRE, KCAET, TAVANUR

ONLINE PUBLIC ACCESS CATALOGUE (OPAC)

Development and quality evaluation of gluten free pasta (Record no. 15099)

MARC details
000 -LEADER
fixed length control field 01132nam a22001937a 4500
003 - CONTROL NUMBER IDENTIFIER
control field OSt
088 ## - REPORT NUMBER
Report number P 302
100 ## - MAIN ENTRY--AUTHOR NAME
Personal name AJNA ALAVUDEEN
-- AKSHARA PRAKASH
-- RAHUL K
-- REMYASREE P. T
245 ## - TITLE STATEMENT
Title Development and quality evaluation of gluten free pasta
260 ## - PUBLICATION, DISTRIBUTION, ETC. (IMPRINT)
Place of publication Tavanur 2015
Name of publisher Department of Food and Agricultural Process Engineering
300 ## - PHYSICAL DESCRIPTION
Number of Pages 47
500 ## - GENERAL NOTE
General note Development and quality evaluation of gluten free pasta
520 ## - SUMMARY, ETC.
Summary, etc the major objectives of the study were to standardizing the mix composition of the GFP produced from rice, jackfruit seed flour, arrowroot flour and amarnath flour each one of which has a definite qualitative parameters such as nutritional fortification, textural qualities etc. In short the weakness of the one ingredient is the strength of the other. The second objective is to study the physical, functional, proximate and microbial characterization of the products.
700 ## - ADDED ENTRY--PERSONAL NAME
Personal name Dr. Prince M. V (Guide)
700 ## - ADDED ENTRY--PERSONAL NAME
Personal name Er. Sruthi P. S (Co-guide)
856 ## - ELECTRONIC LOCATION AND ACCESS
Uniform Resource Identifier https://drive.google.com/open?id=1WUigeKUH71ATD9Cg6HlrtctBhING6Zsr
942 ## - ADDED ENTRY ELEMENTS (KOHA)
Koha item type Project Report
Holdings
Collection code Home library Current library Shelving location Full call number Accession Number Koha item type
Reference KAUAET KAUAET Reference 664 AJN/DE P 302 Project Report
free website counter